|
|
|
|
| LEADER |
00973nam a22002655a 4500 |
| 001 |
17469789 |
| 003 |
BD-DhAAL |
| 005 |
20130530103457.0 |
| 008 |
120530s2013 cau 000 0 eng |
| 010 |
|
|
|a 2012949884
|
| 020 |
|
|
|a 9781285093079
|a 1285093070
|a 9781133957423
|
| 040 |
|
|
|a DLC
|c DLC
|d BD-DhAAL
|
| 082 |
|
|
|2 22
|a 306
|
| 245 |
1 |
0 |
|a Cultural Anthropology :
|b the human challenge /
|c William A. Haviland... [et al.].
|
| 250 |
|
|
|a 14th Ed.
|
| 260 |
|
|
|a Belmont, CA :
|b Cengage/Wadsworth,
|c 2013.
|
| 300 |
|
|
|a xxxv, 445 p.
|b ill. :
|c 30 cm.
|
| 504 |
|
|
|a Includes bibliographical references (p. 418-433) and index.
|
| 541 |
|
|
|e 27060
|
| 654 |
|
|
|a Ethnology
|
| 700 |
|
|
|a Haviland, William A.
|9 1994
|
| 942 |
|
|
|2 ddc
|c BK
|
| 955 |
|
|
|a pc22 2012-09-20
|
| 999 |
|
|
|c 13516
|d 13516
|
| 952 |
|
|
|0 0
|1 0
|2 ddc
|4 0
|6 306_000000000000000_CUL
|7 0
|9 22549
|a BRACUL
|b BRACUL
|c GEN
|d 2013-05-30
|e Karim International
|g 5520.00
|l 25
|m 70
|o 306 CUL
|p 3010027060
|r 2026-05-10
|s 2026-05-03
|t 1
|w 2013-05-30
|y BK
|